000
00277nam a2200109Ia 4500
005
20251222154336.0
008
251222s9999||||xx |||||||||||||| ||spa||
082
_a
868.9/J24
100
_a
"Jardielo Poncela, Enrique"
245
0
_a
Eloisa esta debajo de un almendro
942
_c
LIB
999
_c
34331
_d
34331